01072nam a2200241Ia 450000500170000000800410001702000150005804000180007304100080009108200160009910000260011524500540014125000120019526000660020730000280027365000390030165000500034065000490039094200300043999900190046995201750048895201670066320230713155233.0210716s2003 xx 000 0 und d a0070531447 cAIMIT LIBRARY aeng a005.43 MUSJ aMuster, John.9126788 aIntroduction to unix and linux /cBy John Muster. a1st ed. aNew Delhi :bTata McGraw Hill Publishing Company Ltd ,c2003. axiv,700 p.;bPBc24 cm. aTouring essential programs9126789 aTouring utilities and system features9126790 aSpecifying instructions tonthe shell9126791 2ddccBKe1stk005.43 MUSJ c186067d186067 00102ddc40708MCAaAIMITbAIMITeGangarams Book Bureaug475.00iBill no:2629; Bill dt:2004-01-27l0o005.43 MUSJpMCA05575r2025-07-21 00:00:00v403.75w2021-07-16yBK 00102ddc40708MCAaAIMITbAIMITeAthulya Booksg475.00iBill no:ABK 505; Bill dt:2008-12l0o005.43 MUSJpMCA08598r2025-07-21 00:00:00v370.50w2021-07-16yBK